[Event "Titled Tuesday intern op 30th May Early"]
[Site "Chess.com INT"]
[Date "2023.05.30"]
[Round "10"]
[White "Martin Alvarez, Inigo"]
[Black "Gavrilin, Roman"]
[Result "1-0"]
[WhiteElo "2299"]
[BlackElo "2128"]
[PlyCount "83"]
[EventDate "2023.05.30"]
[EventType "swiss (blitz)"]
[EventRounds "11"]
[EventCountry "USA"]
[SourceTitle "CBM 214 Extra"]
[Source "ChessBase"]
[SourceDate "2023.07.31"]
[SourceVersion "1"]
[SourceVersionDate "2023.07.31"]
[SourceQuality "1"]

1. e4 c5 2. Nc3 d6 3. d3 Nc6 4. Be3 g6 5. d4 cxd4 6. Bxd4 Nxd4 7. Qxd4 Nf6 8. e5 dxe5 9. Bb5+ Bd7 10. Qxe5 a6 11. Bxd7+ Qxd7 12. Nf3 Bg7 13. 0-0 0-0 14. Rfe1 e6 15. Rad1 Qc8 16. Qa5 Rd8 17. h3 Rd7 18. Rxd7 Nxd7 19. Re3 Qc5 20. Qxc5 Nxc5 21. Kf1 Rd8 22. Ke2 b5 23. b4 Nb7 24. Ne4 Bf8 25. a3 a5 26. c3 Rc8 27. Ne5 h6 28. Nd7 Bg7 29. Nec5 Nd6 30. bxa5 Nc4 31. Re4 Nxa5 32. Rb4 Bxc3 33. Rxb5 Nc4 34. Kd3 Nxa3 35. Rb3 Be1 36. Rxa3 Bxf2 37. Rc3 Rd8 38. Ke4 Kg7 39. Rf3 Be1 40. Ne5 f5+ 41. Ke3 Bd2+ 42. Ke2 1-0

[Event "Titled Tuesday intern op 09th Aug Early"]
[Site "Chess.com INT"]
[Date "2022.08.09"]
[Round "7"]
[White "Chernomordik, Pavel"]
[Black "Martin Alvarez, Inigo"]
[Result "1-0"]
[WhiteElo "2200"]
[BlackElo "2299"]
[PlyCount "45"]
[EventDate "2022.08.09"]
[EventType "swiss (blitz)"]
[EventRounds "11"]
[EventCountry "USA"]
[SourceTitle "EXT 2023"]
[Source "ChessBase"]
[SourceDate "2022.10.05"]
[SourceVersion "1"]
[SourceVersionDate "2022.10.05"]
[SourceQuality "1"]

1. e4 c5 2. Nc3 Nc6 3. Bb5 e6 4. Bxc6 bxc6 5. e5 Ne7 6. f4 Nd5 7. Nge2 Be7 8. Ne4 0-0 9. c4 Nb4 10. d3 f6 11. a3 Na6 12. 0-0 Rb8 13. Qc2 Qe8 14. Be3 Qg6 15. N2g3 Nc7 16. f5 exf5 17. Nxf5 Bd8 18. Bxc5 Re8 19. exf6 d5 20. f7+ Qxf7 21. Nh6+ gxh6 22. Rxf7 Kxf7 23. Nd6+ 1-0

[Event "Euskadi-chT Div 1"]
[Site "Bergara"]
[Date "2013.02.23"]
[Round "7.1"]
[White "Martin Alvarez, Inigo"]
[Black "Agirretxe San Sebastian, Jesus Maria"]
[Result "1/2-1/2"]
[WhiteElo "2304"]
[BlackElo "2146"]
[PlyCount "45"]
[EventDate "2013.01.12"]
[EventType "team-tourn"]
[EventRounds "9"]
[EventCountry "ESP"]
[SourceTitle "EXT 2015"]
[Source "ChessBase"]
[SourceDate "2014.11.20"]
[SourceVersion "1"]
[SourceVersionDate "2014.11.20"]
[SourceQuality "1"]

1. e4 c6 2. Nc3 d5 3. f4 g6 4. Nf3 Bg7 5. d4 dxe4 6. Nxe4 Bg4 7. c3 Nf6 8. Nf2 Bxf3 9. Qxf3 Qd5 10. Be2 0-0 11. Qh3 Nbd7 12. 0-0 Rad8 13. Bf3 Qb5 14. a4 Qc4 15. Re1 c5 16. Be2 Qd5 17. c4 Qf5 18. g4 Qe6 19. d5 Qa6 20. Bd2 e6 21. dxe6 Qxe6 22. Bc3 Ne4 23. Bxg7 1/2-1/2

[Event "Euskadi-chTB"]
[Site "Bergara"]
[Date "2013.02.09"]
[Round "5.5"]
[White "Martin Alvarez, Inigo"]
[Black "Pastor Pons, Carlos Luis"]
[Result "1-0"]
[WhiteElo "2304"]
[BlackElo "2206"]
[PlyCount "91"]
[EventDate "2013.01.12"]
[EventType "team-tourn"]
[EventRounds "9"]
[EventCountry "ESP"]
[SourceTitle "EXT 2014"]
[Source "ChessBase"]
[SourceDate "2013.11.20"]
[SourceVersion "1"]
[SourceVersionDate "2013.11.20"]
[SourceQuality "1"]

1. e4 g6 2. d4 Bg7 3. Nc3 d6 4. f4 e6 5. Nf3 a6 6. Bd3 Ne7 7. 0-0 b6 8. Be3 d5 9. e5 Nf5 10. Bf2 h5 11. h3 Bf8 12. g4 hxg4 13. hxg4 Nh6 14. Bh4 Be7 15. Bxe7 Qxe7 16. Ng5 c5 17. Kg2 cxd4 18. Nb1 Nc6 19. Qe2 Bb7 20. Nd2 Na5 21. Rh1 Nc4 22. Nxc4 dxc4+ 23. Be4 0-0-0 24. Qxc4+ Kb8 25. Kg3 Ka7 26. Bxb7 Qxb7 27. Rh4 d3 28. cxd3 Rd5 29. Nf3 Rc8 30. Qe4 Ng8 31. Rhh1 Rc2 32. Rh2 Rxh2 33. Kxh2 Qc8 34. Kg3 Ne7 35. Rh1 Nc6 36. Rh7 Rd7 37. Ng5 Qc7 38. Qc4 Qb7 39. Rxf7 Nxe5 40. fxe5 Rxf7 41. Nxf7 Qxf7 42. Qf4 Qd7 43. Kh4 b5 44. Kg5 Qd8+ 45. Qf6 Qxd3 46. Qe7+ 1-0

[Event "Berlin Lichtenberger op 11th"]
[Site "Berlin"]
[Date "2012.08.25"]
[Round "8"]
[White "Siebarth, Raiko"]
[Black "Martin Alvarez, Inigo"]
[Result "1/2-1/2"]
[WhiteElo "2240"]
[BlackElo "2292"]
[PlyCount "89"]
[EventDate "2012.08.18"]
[EventType "swiss"]
[EventRounds "9"]
[EventCountry "GER"]
[SourceTitle "CBM 150 Extra"]
[Source "ChessBase"]
[SourceDate "2012.10.19"]
[SourceVersion "1"]
[SourceVersionDate "2012.10.19"]
[SourceQuality "1"]

1. c4 d6 2. Nc3 e5 3. g3 f5 4. Bg2 Nf6 5. e3 Be7 6. Nge2 0-0 7. 0-0 c6 8. d4 Qe8 9. b4 Qh5 10. b5 g5 11. bxc6 bxc6 12. f4 gxf4 13. gxf4 e4 14. Qe1 Kh8 15. Ng3 Qh4 16. Nce2 Rg8 17. d5 c5 18. Bb2 h6 19. Nh1 Qg4 20. Neg3 Kh7 21. Nf2 Qg6 22. Kh1 Nh5 23. Rg1 Nxg3+ 24. hxg3 Nd7 25. Bh3 Nf6 26. Qe2 h5 27. Rg2 Ng4 28. Rag1 Bf6 29. Bxg4 hxg4 30. Rh2+ Kg7 31. Kg2 Rh8 32. Rxh8 Kxh8 33. Rb1 Ba6 34. Bxf6+ Qxf6 35. Nxe4 fxe4 36. Qxg4 Qg7 37. Rh1+ Kg8 38. Qe6+ Kf8 39. Qxd6+ Kg8 40. Qe6+ Kf8 41. Qxe4 Re8 42. Qf5+ Kg8 43. Rh5 Bc8 44. Qd3 Kf8 45. Qa3 1/2-1/2

[Event "Berlin Lichtenberger op 11th"]
[Site "Berlin"]
[Date "2012.08.22"]
[Round "5"]
[White "Rabiega, Robert"]
[Black "Martin Alvarez, Inigo"]
[Result "1-0"]
[WhiteElo "2505"]
[BlackElo "2292"]
[PlyCount "59"]
[EventDate "2012.08.18"]
[EventType "swiss"]
[EventRounds "9"]
[EventCountry "GER"]
[SourceTitle "CBM 150 Extra"]
[Source "ChessBase"]
[SourceDate "2012.10.19"]
[SourceVersion "1"]
[SourceVersionDate "2012.10.19"]
[SourceQuality "1"]

1. e4 d6 2. d4 g6 3. c3 Bg7 4. Nf3 Nf6 5. Bd3 0-0 6. 0-0 Nc6 7. d5 Nb8 8. h3 e5 9. c4 Nbd7 10. Nc3 Nh5 11. Rb1 Nf4 12. Bc2 Nb6 13. b3 Qf6 14. Nb5 Qe7 15. Be3 a6 16. Nc3 g5 17. Nh2 Qf6 18. Ne2 Bd7 19. Ng3 Nc8 20. Nf5 Re8 21. g3 Qg6 22. gxf4 gxf4+ 23. Kh1 fxe3 24. fxe3 Bxf5 25. exf5 Qh6 26. f6 Bh8 27. Be4 Nb6 28. Rb2 Kf8 29. Qg4 Bxf6 30. Rbf2 1-0

[Event "Salou op 14th"]
[Site "Salou"]
[Date "2012.05.07"]
[Round "5"]
[White "Larino Nieto, David"]
[Black "Martin Alvarez, Inigo"]
[Result "1/2-1/2"]
[WhiteElo "2469"]
[BlackElo "2278"]
[PlyCount "57"]
[EventDate "2012.05.03"]
[EventType "swiss"]
[EventRounds "9"]
[EventCountry "ESP"]
[SourceTitle "CBM 148 Extra"]
[Source "ChessBase"]
[SourceDate "2012.06.22"]
[SourceVersion "1"]
[SourceVersionDate "2012.06.22"]
[SourceQuality "1"]

1. e4 d6 2. Nc3 g6 3. f4 Bg7 4. d3 c5 5. Be3 Nc6 6. h3 e5 7. Nf3 Nge7 8. g4 h5 9. Rg1 hxg4 10. hxg4 exf4 11. Bxf4 Ne5 12. Nxe5 Bxe5 13. Bxe5 dxe5 14. Qf3 Nc6 15. Nd5 Be6 16. Nf6+ Kf8 17. c3 Qa5 18. Kf2 Qb6 19. Be2 Qxb2 20. Rh1 Rxh1 21. Rxh1 Ke7 22. Nd5+ Kd7 23. Rh7 Rf8 24. Qe3 Kd6 25. Qh6 Re8 26. Rh8 Bxg4 27. Rxe8 Qxe2+ 28. Kg1 Qe1+ 29. Kg2 1/2-1/2

[Event "Euskadi-ch"]
[Site "Zornotza"]
[Date "2012.04.13"]
[Round "5"]
[White "Franco Alonso, Alejandro"]
[Black "Martin Alvarez, Inigo"]
[Result "1-0"]
[WhiteElo "2449"]
[BlackElo "2265"]
[PlyCount "99"]
[EventDate "2012.04.09"]
[EventType "swiss"]
[EventRounds "7"]
[EventCountry "ESP"]
[SourceTitle "CBM 147 Extra"]
[Source "ChessBase"]
[SourceDate "2012.04.24"]
[SourceVersion "1"]
[SourceVersionDate "2012.04.24"]
[SourceQuality "1"]

1. c4 c6 2. Nf3 Nf6 3. Nc3 d5 4. e3 a6 5. Qc2 g6 6. d4 Bg7 7. a4 0-0 8. Be2 a5 9. Qb3 Na6 10. cxd5 cxd5 11. Bd2 Be6 12. Nb5 Ne4 13. Bc3 Nac5 14. Qa2 Nxc3 15. bxc3 Ne4 16. 0-0 Rc8 17. Rfc1 Nd6 18. Ng5 Qd7 19. Nxe6 Qxe6 20. Bf3 Nc4 21. Rab1 b6 22. Na3 Qd6 23. Nb5 Qd7 24. g3 e6 25. Be2 h5 26. e4 Bh6 27. Rd1 Rfe8 28. e5 Bf8 29. Bd3 Kg7 30. Qe2 Red8 31. Ra1 Be7 32. f4 Rh8 33. h3 Rh7 34. Kg2 Qb7 35. Rh1 Qa8 36. Rhf1 Qb7 37. Rf2 Qa8 38. Kf1 Qb7 39. Ke1 Qa8 40. Kd1 Qb7 41. Kc2 Qc6 42. Kb3 Qd7 43. g4 hxg4 44. hxg4 Rh3 45. f5 Re3 46. f6+ Kg8 47. Rh1 Rxe2 48. Rxe2 Bf8 49. Reh2 Bg7 50. Rh7 1-0

[Event "Euskadi-ch"]
[Site "Zornotza"]
[Date "2012.04.11"]
[Round "3"]
[White "Martin Alvarez, Inigo"]
[Black "Mindeguia Guruceaga, Juan Jesus"]
[Result "1-0"]
[WhiteElo "2265"]
[BlackElo "2234"]
[PlyCount "111"]
[EventDate "2012.04.09"]
[EventType "swiss"]
[EventRounds "7"]
[EventCountry "ESP"]
[SourceTitle "CBM 147 Extra"]
[Source "ChessBase"]
[SourceDate "2012.04.24"]
[SourceVersion "1"]
[SourceVersionDate "2012.04.24"]
[SourceQuality "1"]

1. e4 e5 2. Nf3 Nc6 3. d3 Nf6 4. Be2 d5 5. Nbd2 Be7 6. c3 0-0 7. 0-0 a5 8. b3 b6 9. a3 Re8 10. Rb1 Bb7 11. b4 axb4 12. axb4 Bf8 13. Re1 Na7 14. Qc2 Qd7 15. Bf1 dxe4 16. dxe4 Nb5 17. Nc4 Bd6 18. Nfd2 Bf8 19. f3 Nd6 20. Nxd6 Bxd6 21. Nc4 Bf8 22. Bg5 Ba6 23. Bxf6 Bxc4 24. Bxc4 gxf6 25. Red1 Qe7 26. Rd3 Red8 27. Rbd1 Rxd3 28. Qxd3 Qd6 29. Bd5 Rd8 30. Bxf7+ Kg7 31. Bc4 Qxd3 32. Bxd3 Ra8 33. Bc4 Bd6 34. Kf2 Ra3 35. Rc1 Kf8 36. Ke2 Ke7 37. Kd2 c6 38. Kc2 b5 39. Bb3 Ra7 40. g4 h6 41. Rg1 c5 42. bxc5 Bxc5 43. Rd1 Rd7 44. Bd5 b4 45. cxb4 Bxb4 46. Rb1 Rc7+ 47. Kd3 Bd6 48. Ra1 Kd8 49. Ra6 Be7 50. Be6 Ke8 51. Ra8+ Bd8 52. Bd5 Ke7 53. Ra6 Kf8 54. h3 Ke7 55. Ra8 Ke8 56. Ke3 1-0

[Event "Benidorm op U2300 10th"]
[Site "Benidorm"]
[Date "2011.12.10"]
[Round "10"]
[White "Bosque Ortega, Xavier"]
[Black "Martin Alvarez, Inigo"]
[Result "1-0"]
[WhiteElo "2229"]
[BlackElo "2262"]
[PlyCount "55"]
[EventDate "2011.12.02"]
[EventType "swiss"]
[EventRounds "10"]
[EventCountry "ESP"]
[SourceTitle "CBM 145 Extra"]
[Source "ChessBase"]
[SourceDate "2012.01.03"]
[SourceVersion "1"]
[SourceVersionDate "2012.01.03"]
[SourceQuality "1"]

1. d4 Nf6 2. Bf4 c5 3. e3 d5 4. c3 Qb6 5. Qb3 c4 6. Qc2 Nc6 7. Nd2 g6 8. e4 Nxe4 9. Nxe4 dxe4 10. Bxc4 Bg7 11. Be3 Qc7 12. Qxe4 Bf5 13. Qf4 e5 14. dxe5 Bxe5 15. Qh4 0-0 16. Nf3 Bg7 17. 0-0 Na5 18. Bd5 Rad8 19. Rad1 b5 20. Bxf7+ Kxf7 21. Ng5+ Ke8 22. Bf4 Rxd1 23. Bxc7 Rxf1+ 24. Kxf1 Nc4 25. Nxh7 g5 26. Qh5+ Rf7 27. Nxg5 Ne3+ 28. Kg1 1-0

[Event "EU-Cup 27th"]
[Site "Rogaska Slatina"]
[Date "2011.09.25"]
[Round "1"]
[White "Martin Alvarez, Inigo"]
[Black "Metras, Dominique"]
[Result "0-1"]
[WhiteElo "2316"]
[BlackElo "2009"]
[PlyCount "78"]
[EventDate "2011.09.25"]
[EventType "team-swiss"]
[EventRounds "7"]
[EventCountry "SLO"]
[SourceTitle "CBM 145"]
[Source "ChessBase"]
[SourceDate "2011.11.11"]
[SourceVersion "1"]
[SourceVersionDate "2011.11.11"]
[SourceQuality "1"]
[WhiteTeam "Taldea Gros Xake"]
[BlackTeam "Marseille"]
[WhiteTeamCountry "ESP"]
[BlackTeamCountry "FRA"]

1. e4 Nf6 2. e5 Nd5 3. d4 d6 4. c4 Nb6 5. exd6 cxd6 6. Nc3 g6 7. Be3 Bg7 8. Rc1 0-0 9. b3 e5 10. dxe5 dxe5 11. Qxd8 Rxd8 12. c5 N6d7 13. Nf3 Nc6 14. Bc4 h6 15. 0-0 Nf8 16. Nb5 Be6 17. Nd6 Rab8 18. Rfd1 Bxc4 19. Rxc4 a5 20. Ne1 Ne6 21. Nc2 f5 22. f3 Ncd4 23. Bxd4 exd4 24. Re1 Nxc5 25. Rxc5 Rxd6 26. Kf1 Rd7 27. Na3 Bf8 28. Rxa5 Bb4 29. Ra4 Bxe1 30. Kxe1 d3 31. Rc4 Re8+ 32. Kd1 Re2 33. g4 Rxa2 34. Nb5 d2 35. Nd4 fxg4 36. fxg4 Rf7 37. Nc2 Rd7 38. Nd4 b5 39. Rb4 Rf7 0-1

[Event "Euskadi-ch"]
[Site "Zornotza"]
[Date "2011.04.27"]
[Round "6"]
[White "Hernandez Perez, Jesus"]
[Black "Martin Alvarez, Inigo"]
[Result "0-1"]
[WhiteElo "2040"]
[BlackElo "2316"]
[PlyCount "130"]
[EventDate "2011.04.23"]
[EventType "swiss"]
[EventRounds "7"]
[EventCountry "ESP"]
[SourceTitle "EXT 2018"]
[Source "ChessBase"]
[SourceDate "2017.10.13"]
[SourceVersion "1"]
[SourceVersionDate "2017.10.13"]
[SourceQuality "1"]

1. e4 c5 2. Nf3 Nc6 3. g3 g6 4. Bg2 Bg7 5. 0-0 d6 6. Nc3 e5 7. d3 Nge7 8. Ne1 0-0 9. f4 f5 10. Nf3 Kh8 11. Rb1 Be6 12. a3 Qd7 13. fxe5 Nxe5 14. Nxe5 dxe5 15. Be3 Rac8 16. Qd2 b6 17. Rbe1 c4 18. Rd1 cxd3 19. Qxd3 Qxd3 20. cxd3 Rcd8 21. Rf2 h6 22. h4 Kh7 23. Rfd2 f4 24. Bf2 g5 25. hxg5 hxg5 26. Rc1 g4 27. Nb5 Rd7 28. Rc7 Rxc7 29. Nxc7 Bb3 30. d4 Rc8 31. Rd3 Bc4 32. Rc3 Rxc7 33. b3 exd4 34. Rxc4 Rxc4 35. bxc4 f3 36. Bf1 Kg6 37. Be1 Bh6 38. Bb4 Nc6 39. Bd6 Be3+ 40. Kh2 Kf6 41. Bd3 Ke6 42. c5 bxc5 43. Bxc5 Ne5 44. Bc2 a6 45. Bb3+ Kf6 46. Bd6 Nd3 47. Bc4 Nb2 48. e5+ Kf5 49. Bb3 d3 50. e6 Bg5 51. e7 Bxe7 52. Bxe7 d2 53. Kg1 d1Q+ 54. Bxd1 Nxd1 55. Bc5 Ke4 56. Kf1 Kd3 57. Bb6 Nc3 58. Ba7 Ne4 59. Bb8 Kc4 60. Bf4 Kb3 61. Bc1 a5 62. Ke1 a4 63. Kf1 Nxg3+ 64. Kf2 Ne4+ 65. Ke3 Kc2 0-1

[Event "San Sebastian op 34th"]
[Site "San Sebastian"]
[Date "2011.04.22"]
[Round "8"]
[White "Martin Alvarez, Inigo"]
[Black "Bas Mas, Jose Joaquin"]
[Result "1/2-1/2"]
[WhiteElo "2316"]
[BlackElo "2150"]
[PlyCount "150"]
[EventDate "2011.04.16"]
[EventType "swiss"]
[EventRounds "9"]
[EventCountry "ESP"]
[SourceTitle "CBM 141 Extra"]
[Source "ChessBase"]
[SourceDate "2011.05.03"]
[SourceVersion "1"]
[SourceVersionDate "2011.05.03"]
[SourceQuality "1"]

1. e4 e6 2. d4 d5 3. e5 c5 4. Nf3 Nc6 5. Bd3 cxd4 6. 0-0 f6 7. Bb5 Bd7 8. Bxc6 bxc6 9. Qxd4 Qb6 10. Qh4 Qb4 11. c4 Qxc4 12. Qxc4 dxc4 13. Nbd2 Ne7 14. Nxc4 Nd5 15. b3 Kf7 16. Ba3 a5 17. Bxf8 Rhxf8 18. Rfd1 Rfb8 19. Nb2 Ke7 20. Na4 Be8 21. Re1 f5 22. Rec1 Nb4 23. Nc5 Na6 24. Nd4 Nxc5 25. Rxc5 Ra6 26. a3 Rd8 27. Rd1 h6 28. f4 g5 29. g3 Bh5 30. Rd2 gxf4 31. gxf4 Rg8+ 32. Kf2 Be8 33. h3 Bd7 34. Rdc2 Rb8 35. Rc1 Be8 36. Rg1 Kf7 37. Ke3 Rd8 38. Rc2 Rb6 39. Rcg2 Ke7 40. Rg7+ Bf7 41. R1g6 c5 42. Nxf5+ Kf8 43. Nd6 Bxg6 44. Rxg6 Rxb3+ 45. Ke4 Ke7 46. Rg7+ Kf8 47. Rf7+ Kg8 48. Re7 Rxa3 49. Rxe6 Ra4+ 50. Kf3 Rf8 51. f5 Rh4 52. Kg3 Rh5 53. f6 Rg5+ 54. Kf4 a4 55. Re7 Rg1 56. Ra7 Rf1+ 57. Ke4 R1xf6 58. exf6 Rxf6 59. Nf5 Rb6 60. Rxa4 Kh7 61. h4 Kg6 62. Ng3 Rb4+ 63. Rxb4 cxb4 64. Kf4 b3 65. Ne4 b2 66. Nc3 Kf6 67. Kg4 Kg6 68. Kf4 Kf6 69. Nb1 Ke6 70. Kg4 Kf6 71. h5 Ke5 72. Nd2 Kd4 73. Kf4 Kd3 74. Nb1 Kc2 75. Na3+ Kb3 1/2-1/2

[Event "San Sebastian op 34th"]
[Site "San Sebastian"]
[Date "2011.04.20"]
[Round "5"]
[White "Hansen, Torbjorn Ringdal"]
[Black "Martin Alvarez, Inigo"]
[Result "1/2-1/2"]
[WhiteElo "2459"]
[BlackElo "2316"]
[PlyCount "110"]
[EventDate "2011.04.16"]
[EventType "swiss"]
[EventRounds "9"]
[EventCountry "ESP"]
[SourceTitle "CBM 141 Extra"]
[Source "ChessBase"]
[SourceDate "2011.05.03"]
[SourceVersion "1"]
[SourceVersionDate "2011.05.03"]
[SourceQuality "1"]

1. e4 c5 2. Nf3 Nc6 3. d4 cxd4 4. Nxd4 e6 5. Nc3 Qc7 6. Be3 a6 7. Bd3 Nf6 8. 0-0 Nxd4 9. Bxd4 Bc5 10. Bxc5 Qxc5 11. Re1 d6 12. Qd2 Bd7 13. Re3 h6 14. e5 dxe5 15. Rae1 Bc6 16. Rxe5 Qb4 17. Ne4 Qxd2 18. Nxd2 0-0 19. Nb3 b5 20. Nd4 Bd5 21. a3 Rfd8 22. f3 Rac8 23. c3 Nd7 24. R5e3 Bc4 25. Bc2 Nb8 26. Rd1 Nc6 27. Nxc6 Rxd1+ 28. Bxd1 Rxc6 29. Kf2 Rd6 30. Ke1 g5 31. Be2 f5 32. b4 f4 33. Re4 Bd5 34. Rd4 Rc6 35. Kd2 Kf7 36. a4 Rb6 37. Kc2 Ke7 38. axb5 axb5 39. Rd1 Ra6 40. Rb1 Ra2+ 41. Rb2 Rxb2+ 42. Kxb2 g4 43. Kc2 e5 44. Kd2 Kd6 45. fxg4 Bxg2 46. Bxb5 e4 47. h4 Ke5 48. Bd7 e3+ 49. Ke2 Bd5 50. Bf5 h5 51. Bd7 Bc4+ 52. Kf3 Bd5+ 53. Ke2 Bc4+ 54. Kf3 Bd5+ 55. Ke2 Bc4+ 1/2-1/2

[Event "Euskadi-chT (Vasca) Div 1st"]
[Site "Bergara"]
[Date "2011.03.05"]
[Round "9.3"]
[White "Ros Eskisabel, Jose Ramon"]
[Black "Martin Alvarez, Inigo"]
[Result "1/2-1/2"]
[WhiteElo "2132"]
[BlackElo "2297"]
[PlyCount "61"]
[EventDate "2011.01.08"]
[EventType "team-tourn"]
[EventRounds "9"]
[EventCountry "ESP"]
[SourceTitle "EXT 2024"]
[Source "ChessBase"]
[SourceDate "2023.10.10"]
[SourceVersion "1"]
[SourceVersionDate "2023.10.10"]
[SourceQuality "1"]

1. e4 d6 2. d4 g6 3. Nc3 Bg7 4. Nf3 a6 5. a4 b6 6. Be2 Nd7 7. 0-0 e6 8. Be3 Ne7 9. Qd2 h6 10. Rad1 Bb7 11. Rfe1 Nf6 12. Qd3 d5 13. exd5 Nfxd5 14. Nxd5 Nxd5 15. Bd2 0-0 16. c3 Qd6 17. Qe4 f5 18. Qc2 Nf4 19. Bxf4 Qxf4 20. Nd2 Qd6 21. Bf3 Bd5 22. Qd3 a5 23. Re2 Rfe8 24. Rde1 Kf7 25. Qb5 Rad8 26. Nc4 Qd7 27. Bxd5 Qxd5 28. Ne5+ Bxe5 29. Rxe5 Qxb5 30. Rxb5 Rd7 31. Kf1 1/2-1/2